Trh a tržní selhání

Trh - definície trhu. Zlyhanie trhu a zásahy štátu do fungovania trhu. Externality ako výsledok zlyhania trhu. Definície externalít. Externality a transakčné náklady. Riešenia externalít.

Na minha lista:
Detalhes bibliográficos
Autor principal: Kublínová, Michaela
Formato: Capítulo de Livro
Idioma:tcheco
Assuntos:
Tags: Adicionar Tag
Sem tags, seja o primeiro a adicionar uma tag!

MARC

LEADER 00000naa$a2200000$$$4500
001 0003626
005 20231004075919.9
041 0 |a cze 
044 |a CZ 
245 1 0 |a Trh a tržní selhání  |c aut. Michaela Kublínová 
520 |a Trh - definície trhu. Zlyhanie trhu a zásahy štátu do fungovania trhu. Externality ako výsledok zlyhania trhu. Definície externalít. Externality a transakčné náklady. Riešenia externalít. 
610 2 0 |a trh 
610 2 0 |a externality 
610 2 0 |a zlyhanie trhu 
610 2 0 |a neoklasicizmus 
610 2 0 |a intervencionizmus štátny 
610 2 0 |a inštitucionalizmus 
610 2 0 |a škola voľby verejnej 
610 2 0 |a náklady transakčné 
100 1 |a Kublínová, Michaela